Turbo Pascal Express, Revised 250 Ready-to-Run Assembly Language Routines That Make Turbo Pascal Faster, More Powerful, and Easier to Use
Enregistré dans:
| Auteur principal: | |
|---|---|
| Format: | Livre |
| Langue: | anglais |
| Publié: |
New York
Brady
1988
|
| Édition: | 1. ed. |
| Tags: |
Pas de tags, Soyez le premier à ajouter un tag!
|
MARC
| LEADER | 00000nam a2200000 4500 | ||
|---|---|---|---|
| 001 | c034981 | ||
| 005 | 20221219120752.9 | ||
| 041 | 0 | |a eng | |
| 044 | |a US | ||
| 245 | 1 | 0 | |a Turbo Pascal Express, Revised |b 250 Ready-to-Run Assembly Language Routines That Make Turbo Pascal Faster, More Powerful, and Easier to Use |c Robert Jourdain |
| 250 | |a 1. ed. | ||
| 264 | 1 | |a New York |b Brady |c 1988 | |
| 300 | |a 394 s. | ||
| 100 | 1 | |a Jourdain, Robert | |